000 01341nam a2200253 i 4500
001 153816
003 ES-MaACL
005 20250827062635.0
008 931025s1745 sp |||| | spa d
110 1 _aEspaña
_93622
240 0 0 _aLeyes, etc.
245 1 0 _aTomo tercero de autos acordados :
_bque contiene nueve libros por el orden de titulos de las Leyes de Recopilacion, i van en él las Pragmaticas que se imprimieron el año de 1723..., i otras muchas Pragmaticas, consultas..., cedulas, Reales Decretos, i autos acordados, que se han aumentado.
260 _aEn Madrid :
_ben la Imprenta de Juan Antonio Pimentél :
_bse hallará en casa de Manuel Francisco Mena...,
_c1745.
300 _a[12], 430 ; 468 ; 56 p. ;
_cFol.
530 _aDisponible en formato digital.
597 _aSign: [calderón]4, [2 calderón]2, A-Z4, 2A-2Z4, 3A-3G4, 3H2, 3I ; A-Z4, 2A-2Z4, 3A-3M4, 3N2 ; A-O2.
597 _aTexto a dos col.
597 _aPort. con orla tip. con el escudo xil. de España.
650 7 _aDerecho-
_zEspaña
_2
_9141531
700 1 _aMena, Francisco Manuel de.
_9129819
852 4 _aES-MaACL
_jR-1104-07
_z- Enc. pasta española
_xOlim:G-3572-75
856 4 _uhttp://bibliotecavirtual.larioja.org/bvrioja/i18n/consulta/registro.do?id=258
_zBiblioteca Virtual de La Rioja
999 _c153816
_d153816